| 000 | 01543nam a2200397Ia 4500 | ||
|---|---|---|---|
| 001 | ebr10113027 | ||
| 003 | CaPaEBR | ||
| 006 | m u | ||
| 007 | cr cn||||||||| | ||
| 008 | 050907s2004 nyua s 000 0 eng d | ||
| 010 | _z 2005280507 | ||
| 020 | _z0738491748 | ||
| 040 |
_aCaPaEBR _cCaPaEBR |
||
| 035 | _a(OCoLC)137342303 | ||
| 050 | 1 | 4 |
_aHF5548.4.L673 _bI27 2004eb |
| 245 | 0 | 0 |
_aIBM Lotus Domino 6.5 for Linux on zSeries implementation _h[electronic resource] / _c[Mike Ebbers ... et al.]. |
| 250 | _a2nd ed. | ||
| 260 |
_aPoughkeepsie, NY : _bIBM, International Technical Support Organization, _cc2004. |
||
| 300 |
_axvi, 408 p. : _bill. |
||
| 490 | 1 | _aIBM redbooks | |
| 500 | _a"Lotus software"--Cover. | ||
| 500 | _a"SG24-7021-01." | ||
| 500 | _a"December 2004." | ||
| 533 |
_aElectronic reproduction. _bPalo Alto, Calif. : _cebrary, _d2009. _nAvailable via World Wide Web. _nAccess may be limited to ebrary affiliated libraries. |
||
| 630 | 0 | 0 | _aLotus Domino. |
| 630 | 0 | 0 | _aLinux. |
| 650 | 0 |
_aBusiness enterprises _xComputer networks. |
|
| 650 | 0 | _aGroupware (Computer software) | |
| 650 | 0 |
_aDatabase management _xComputer programs. |
|
| 655 | 7 |
_aElectronic books. _2local |
|
| 700 | 1 | _aEbbers, Mike. | |
| 710 | 2 |
_aInternational Business Machines Corporation. _bInternational Technical Support Organization. |
|
| 710 | 2 | _aebrary, Inc. | |
| 830 | 0 | _aIBM redbooks. | |
| 856 | 4 | 0 |
_uhttp://site.ebrary.com/lib/rucke/Doc?id=10113027 _zAn electronic book accessible through the World Wide Web; click to view |
| 999 |
_c209204 _d209204 |
||